Quizzes
Events
Quiz Creation
Community
Videos
Private Events
Remove Ads
Sign In
Join for FREE
Feedback
Dark Mode
Quiz Categories
Sports
Geography
Music
Movies
Television
Just For Fun
Miscellaneous
History
Literature
Language
Science
Gaming
Entertainment
Religion
Holiday
For Kids
Quiz Lab
Recent
Popular Today
Quiz Kudos Today
Editor Picks
Curator Picks
Quizzes by...
Day
Popularity
Type
Ratings
Length
Year
Community
Subscriptions
Recent Discussions
Orange Saloon
Badges
Playlists
Quests
Create
Leaderboards
Showdown
Live 5
Trivia Bingo
Activity
Puzzle Library
Sporcle Events
Private Events
Virtual Trivia
Globe League
Become a Host
Pub Owners
SporcleCon
Opinionation
Our Games
Videos
Blog
Mobile Apps
Partnerships
Remove Ads and Go Orange
Feedback
Gaming
Video Games
Board Games
Card Games
Pokémon
Mario
Nintendo
Minecraft
Console
Toys
Legend of Zelda
Gaming
Video Games
Board Games
Card Games
Pokémon
Mario
Nintendo
Minecraft
Console
Toys
Legend of Zelda
Random Quiz
Search Sporcle
×
Quiz Lab
Quiz Lab
Gaming
Video Games
Click on regions of an image
Click on regions of an image
Picture Click
Best Score? Go Orange.
Pikmin Enemies (Picture Click) Stats
Can you pick the enemies in Pikmin?
By
BestLoser
3m
26 Questions
1,456 Plays
1,456 Plays
1,456 Plays
Comments
Comments
Give Quiz Kudos
Give Quiz Kudos
-
- Ratings
hide this ad
Forced Order
Answers have to be entered in order
Answers have to be entered in order
Replay
Link that replays current quiz
Next Quiz
Link to next quiz in quiz playlist
You Got
0%
They Got
Avg Score
84%
Avg Friend Score
Upgrade to see
Score Distribution
Jump to the score distribution portion of the page
Score
0/26
Timer
03:00
0
Plays Today
% Correct
Beady Long Legs
89.9%
Yellow Wollywog
89.2%
Emperor Bulblax
88.5%
Pearly Clamclamp
87.8%
Fiery Blowhog
87.3%
Honeywisp
86.5%
Armored Cannon Beetle
86.3%
Dwarf Bulborb
85.7%
Iridescent Flint Beetle
85.6%
Smoky Progg
85.4%
Puffstool
85.3%
Breadbug
84.8%
Burrowing Snagret
84.8%
% Correct
Spotty Bulbear
84.5%
Female Sheargrub
84.3%
Male Sheargrub
84.3%
Goolix
84.2%
Swooping Snitchbug
83.2%
Puffy Blowhog
83.1%
Dwarf Bulbear
83%
Mamuta
82.9%
Wogpole
81.1%
Water Dumple
80.4%
Shearwig
77.6%
Wollywog
77.1%
Spotty Bulborb
74.4%
Quiz Playlist
Details
Report
Send in Message
Add To Playlist
Picture Click:
Click on regions of an image
Forced Order:
Answers have to be entered in order
Quiz Source
Last Updated: Oct 19, 2017
Quiz Scoreboard
CHALLENGE
Sign Up to Join the Scoreboard
Show All
Scores
Hide
Comments
May contain spoilers
Recently Published
College Basketball Coaching Resumes
by pancakes188
Sports
9m
Billboard Blitz: Fleetwood Mac
by CooCooCachoo
Music
15s
Presidents Visiting Landmarks
by Hejman
History
7m
More to Explore
Quiz From the Vault
Featured Blog Post
Where Did the Easter Bunny Come From?
hide this ad
You Might Also Like...
Tags
Nintendo Quiz
Video Games Quiz
Enemy
gamecube
Picture Click
pikmin
Wii
Today's Top Quizzes in Gaming
Browse Gaming
hide this ad
Today's Top Quizzes in Video Games
Browse Video Games
Top Contributed Quizzes in Gaming
1
5-to-1: Consoles
2
7-to-1: Board Game Piece Blitz
3
5-to-1: Legend of Zelda
4
Destiny 2 exotic weapons by perk icons
5
League of Legends Pro Players by Career/Team History
6
Ultimate Genshin Impact Logic Puzzle (up to 4.3)
7
Franchise by Action Figure
8
Who's on the WWE 2K24 Cover?
9
Genshin Impact Logic Puzzle Quiz
10
Overwatch Logic Puzzle
Explore More
Trending Topics
Harry Potter
Marvel
NBA
Crossword
Disney
Kpop
Anime
Song
Pokémon
Soccer
WWE
Country
NFL
The Office
Puzzle
hide this ad
More By:
BestLoser
Quiz
Plays
Rating
Category
Featured
Created
Pikmin Enemies (Picture Click)
1,456
5.00
Gaming
Oct 14, 2017
Pikmin 2 Enemies (Picture Click)
1,165
5.00
Gaming
Oct 19, 2017
Oklahoma County Seat Matching
966
5.00
Geography
Oct 13, 2017
Video Games in Development
350
4.92
Gaming
Nov 29, 2016
States by Number of Borders (Clickable)
254
5.00
Geography
Feb 12, 2017
Go to Creator's Profile
Score Distribution
Quiz Creator Spotlight
BestLoser
Follow
Send a Message
Quizzes Created
-
Created Quiz Play Count
-
More By This Creator
Popular Quizzes Today
1
Find the US States - No Outlines Minefield
2
Find the Countries of Europe - No Outlines Minefield
3
The Countries of the World
4
Find the US States
5
Risky Map Clicking: Biggest States A-Z
6
US States
7
Popular People in 1961
8
Movies - When Are They Set?
More Gaming Quizzes
20 X-Blade Pieces Kingdom Hearts Logic Puzzle
Quiz Lab
Trending Quizzes
Risky Map Clicking: Least Populous States A-Z
1-10 Letter G Words
1-10 Letter F Words
Risky Map Clicking: Next State Alphabetically
Risky Map Clicking: Biggest States A-Z
Recently Updated
Leaping Animals
pecheneg
Reality TV Shows (A-Z)
bhenderson79
Rickey Henderson's Hall of Fame Teammates
pecheneg
Champions League XIs: Arsenal
pecheneg
Quick Pick: Celebrities in WWE's Hall of Fame
aduchscher
A-Z Keypad Blitz II
pecheneg
Multiple Oscar Actors
pecheneg
Mystery Phrase Blitz: Oscar 'Best Actors'
pecheneg
F. Scott Fitzgerald Novels
LTH
Pick 3 Villains
ddd62291
Trending Topics
Disney
Anime
Harry Potter
Marvel
NBA
Kpop
Crossword
The Office
NFL
Puzzle
Song
Country
Pokémon
WWE
Soccer
Your Account Isn't Verified!
In order to create a playlist on Sporcle, you need to verify the email address you used during registration. Go to your
Sporcle Settings
to finish the process.
Report this User
Report this user for behavior that violates our
Community Guidelines
.
Details:
Send Report
Go to the Sporcle.com Mobile Site →
Comments